000 00528nam a2200193Ia 4500
003 GCL
008 140319s9999 xx 000 0 eng d
040 _aGCL /
_cGCL
082 0 4 _a720.92
_bA R
100 1 _aACADEMY EDITIONS
245 1 0 _aROB KRIER ARCHITECTURE AND URBAN DESIGN /
_cACADEMY EDITIONS
260 _aانجلترا :
_bACADEMY EDITIONS ،
_c1993
300 _a144 P ؛
_c30 cm.
650 0 4 _aURBAN DESIGN
650 0 4 _aARCHITECTURE
650 0 4 _aKRIER, ROB
650 0 4 _aHOUSING & HOUSES
942 _2ddc
_cBK
999 _c12185
_d12185